Converging NGN wireline and mobile 3G networks with IMS -(E-BOOK) (Record no. 193083)

000 -LEADER
fixed length control field 00856 a2200265 4500
003 - CONTROL NUMBER IDENTIFIER
control field Nust
005 - DATE AND TIME OF LATEST TRANSACTION
control field 20170207154050.0
010 ## - LIBRARY OF CONGRESS CONTROL NUMBER
LC control number 2008012104
020 ## - INTERNATIONAL STANDARD BOOK NUMBER
International Standard Book Number 0849392500 (alk. paper)
020 ## - INTERNATIONAL STANDARD BOOK NUMBER
International Standard Book Number 9780849392504 (alk. paper)
035 ## - SYSTEM CONTROL NUMBER
System control number (OCoLC)213495329
035 ## - SYSTEM CONTROL NUMBER
System control number (OCoLC)ocn213495329
040 ## - CATALOGING SOURCE
Transcribing agency Nust
082 00 - DEWEY DECIMAL CLASSIFICATION NUMBER
Classification number 004.6
100 1# - MAIN ENTRY--PERSONAL NAME
Personal name Copeland, Rebecca.
245 10 - TITLE STATEMENT
Title Converging NGN wireline and mobile 3G networks with IMS -(E-BOOK)
Statement of responsibility, etc. Rebecca Copeland.
260 ## - PUBLICATION, DISTRIBUTION, ETC.
Place of publication, distribution, etc. Boca Raton :
Name of publisher, distributor, etc. CRC Press,
Date of publication, distribution, etc. c2009.
300 ## - PHYSICAL DESCRIPTION
Extent xxxiii, 484 p. :
Other physical details ill. ;
Dimensions 27 cm.
500 ## - GENERAL NOTE
General note "An Auerbach book."
650 #0 - SUBJECT ADDED ENTRY--TOPICAL TERM
Topical term or geographic name entry element Convergence (Telecommunication)
650 #0 - SUBJECT ADDED ENTRY--TOPICAL TERM
Topical term or geographic name entry element Internet Protocol multimedia subsystem.
650 #0 - SUBJECT ADDED ENTRY--TOPICAL TERM
Topical term or geographic name entry element Multimedia communications.
651 ## - SUBJECT ADDED ENTRY--GEOGRAPHIC NAME
Geographic name E-BOOK
856 41 - ELECTRONIC LOCATION AND ACCESS
Materials specified Table of contents only
Uniform Resource Identifier <a href="http://www.loc.gov/catdir/toc/ecip0813/2008012104.html">http://www.loc.gov/catdir/toc/ecip0813/2008012104.html</a>
942 ## - ADDED ENTRY ELEMENTS (KOHA)
Source of classification or shelving scheme
Koha item type Book
Holdings
Withdrawn status Lost status Source of classification or shelving scheme Damaged status Not for loan Collection code Permanent Location Current Location Date acquired Total Checkouts Full call number Barcode Date last seen Price effective from Koha item type
            Military College of Signals (MCS) Military College of Signals (MCS) 12/12/2016   004.6 COP MCSEB-2730 12/08/2016 12/12/2016 Book
© 2023 Central Library, National University of Sciences and Technology. All Rights Reserved.